01327cam a22002895a 4500001001000000003000400010005001700014008004100031020001800072020001500090040002600105082002300131245009800154250002400252260006200276300003200338500002400370500031900394650005900713650003500772651001000807653002500817700002600842942000800868999001700876952014400893016876410OSt20161204140635.0140930t2015 njua fr 001 0 eng d a9781292019451 a129201945X aUkbengcUkdEG-ScBUE04a620.00711222bTHI00aThinking like an engineer :ban active learning approach /cElizabeth A. Stephan ... [et al.] a3rd ed., Global ed. aUpper Saddle River :bPearson Education Limited,cc.2015. a796, 9 p. :bill. ;c26 cm. aIndex : p. 792-796. a"Authorized adaptation from the United States edition, entitled Thinking like an engineer: an active learning approach, 3rd edition, ISBN 9780133593211, by Eizabeth A. Stephan, David R. Bowman, William J. Park, Benjamin L. Sill and Matthew W. Ohland, published by Pearson Education, Inc. ©2015"--Title page verso. 7aEngineeringxStudy and teaching (Higher)2BUEsh923782 7aActive learning.2BUEsh914349 2BUEsh bENGGENcDecember20161 aStephan, Elizabeth A. 2ddc c23437d23409 00102ddc40708BaccahaMAINbMAINc1STd2016-12-04ePurchaseg480.00h25145l0o620.00711 THIp000040252r2025-07-15 00:00:00v600.00yBB